[Event "Charlotte Spring-A 2022"]
[Site "Charlotte"]
[Date "2022.03.17"]
[Round "1.1"]
[White "Bodek, Michael"]
[Black "Dragun, Kamil"]
[Result "1/2-1/2"]
[WhiteElo "2418"]
[BlackElo "2590"]
[Annotator "TA"]
[PlyCount "39"]
[EventDate "2022.03.16"]
[EventType "tourn"]
[EventCountry "USA"]
[SourceTitle "playchess.com"]
[Source "ChessBase"]
[SourceQuality "1"]

{[%evp 11,39,9,0,0,3,0,22,19,14,-62,-62,-56,-66,-171,0,0,19,25,41,50,19,11,16,34,58,7,15,4,8,0]} 1. e4 {Primel,D} c6 2. d4 d5 3. exd5 cxd5 4. c4 Nf6 5. Nc3 e6 6. c5 Be7 7. Bb5+ {B14: Caro-Kann: Panov-Botvinnik Attack with 5...e6 and 5...g6.} Bd7 8. Bxd7+ Nfxd7 9. b4 b6 {[#]} 10. Bf4 $146 (10. Rb1 $11) ({Predecessor:} 10. Rb1 O-O 11. Nge2 bxc5 12. bxc5 Nc6 13. Qa4 Rc8 14. O-O Nf6 15. Bf4 Nh5 16. Be3 {½-½ (36) Klaman,K-Koblencs,A Leningrad 1946 EXT 2010 [Primel,D]}) 10... a5 $1 $15 11. Nb5 {[#] aiming for Nc7+.} O-O 12. Rc1 (12. Nc7 $1 $15 Ra7 13. Nb5) 12... e5 $2 (12... axb4 13. c6 Nxc6 14. Rxc6 $15) (12... Nc6 $19 13. Bc7 Qc8 14. cxb6 {[#]} Qa6 $1) 13. dxe5 $11 Nc6 14. Nf3 bxc5 15. bxc5 ({Much worse is} 15. Qxd5 Qb6 16. a4 (16. Qxd7 $2 Qxb5 17. Qg4 Nd4 $19) 16... Rad8 $11) 15... Nxc5 16. O-O {next Be3 is good for White.} Nb4 17. Be3 Ne6 18. Qd2 (18. a3 $14 Qd7 19. Nc3 (19. axb4 Qxb5 20. bxa5 Rxa5 $11)) 18... Qd7 $1 19. Nbd4 Rfc8 20. Rxc8+ {Weighted Error Value: White=0.25 (precise) /Black=0.18 (very precise)} 1/2-1/2

[Event "Charlotte Spring-A 2022"]
[Site "Charlotte"]
[Date "2022.03.17"]
[Round "1.2"]
[White "Mista, Aleksander"]
[Black "Lee, Michael"]
[Result "1-0"]
[WhiteElo "2551"]
[BlackElo "2379"]
[Annotator "TA"]
[PlyCount "124"]
[EventDate "2022.03.16"]
[EventType "tourn"]
[EventCountry "USA"]
[SourceTitle "playchess.com"]
[Source "ChessBase"]
[SourceQuality "1"]

{[%evp 26,124,0,0,27,36,35,33,32,0,0,0,0,0,0,0,15,10,16,0,0,0,0,0,16,19,29,0,74,52,83,107,125,116,107,97,125,124,183,78,54,41,65,27,31,-40,-10,-35,0,0,0,0,0,0,22,22,22,17,18,25,24,20,63,63,63,48,63,27,27,27,166,51,591,588,592,592,592,592,391,389,1440,1168,1117,1073,3037,2866,2525,2177,29975,29976,29974,29972,29978,29976,29983,29984,29984,29985,29986,29987,29987]} 1. e4 c6 2. d4 d5 3. Nc3 dxe4 4. Nxe4 Bf5 5. Ng3 Bg6 6. h4 h6 7. Nf3 Nd7 8. h5 Bh7 9. Bd3 Bxd3 10. Qxd3 e6 11. Bd2 Ngf6 12. O-O-O Be7 13. Kb1 O-O 14. Ne4 Nxe4 {B19: Classical Caro-Kann: 4...Bf5 main line.} 15. Qxe4 Nf6 16. Qe2 {[%cal Og2g4]} Qd5 {White is slightly better.} 17. Be3 Qb5 ({Much less strong is} 17... Nxh5 18. g4 Nf6 19. g5 $16) 18. Rd3 Nd5 {[%cal Od5c3] Strongly threatening ...Nc3+!} (18... Nxh5 $2 19. Ne5 f6 20. Ng6 $18) 19. Bd2 {To avoid Nc3+} c5 20. dxc5 {Black must now prevent Ne5.} Qxc5 21. Ne5 Rac8 22. c4 Bf6 23. Rc1 Nb6 24. Ng4 $36 {[%mdl 2048] [#] White has some pressure.} Bg5 $146 ({Predecessor:} 24... Be7 25. b3 Rcd8 26. Ne5 Rxd3 27. Nxd3 Qc6 28. Qf3 Qxf3 29. gxf3 Rd8 30. Kc2 Nd7 31. Be3 Rc8 32. a4 {½-½ (32) Schroeder,C (2230)-Larwinski,P (2327) FICGS email 2019}) 25. f4 Be7 26. Rg3 Qf5+ (26... Bh4 $11 27. Rh3 (27. Nxh6+ Kh7 $11) 27... Be7) 27. Ka1 $16 Kh7 28. Ne5 Bf6 29. Rb3 {aiming for g4. White is more active.} Bxe5 30. fxe5 Rc5 31. Re3 $1 Rd8 {[#]} (31... Rc7 $16 {was necessary.}) 32. b3 (32. g4 $1 $18 {[%cal Rg4f5] and the rest is easy.} Rxd2 33. gxf5 (33. Qxd2 Qg5 $16) 33... Rxe2 34. Rxe2) 32... Rd4 33. g3 (33. Rf3 $5 {[%cal Rf3f5]} Qxh5 34. Qf2 Rxd2 35. Qxd2 $14) 33... Qg4 34. Qf2 Kg8 35. Ree1 ({White should try} 35. Kb2 $1 $14) 35... Rc7 (35... Rc8 $5 {[%cal Rd4d3]}) 36. Bf4 Rd3 (36... Rcd7 $5 {[%cal Rg4h5]}) 37. Qe2 Qxe2 38. Rxe2 Rcd7 39. Kb2 Nc8 40. Rc3 Rd1 41. Rcc2 Kf8 42. Rcd2 Ke8 43. Rxd7 Kxd7 (43... Rxd7 $11 44. Rd2 Nb6) 44. Rd2+ $1 $14 Rxd2+ 45. Bxd2 {[%mdl 4096] Endgame KB-KN} Ne7 46. g4 {[%cal Bg3g4,Bg4g5,Bg5h6][%mdl 32] To avoid Nf5} Nc6 47. Bc3 g6 {[#] White now steadily converts the win.} (47... a6 $11 {and Black stays safe.}) 48. g5 $1 $18 Ke8 $2 {[%mdl 8192]} (48... hxg5 $2 49. h6 f5 50. h7 $18) (48... gxh5 $14 49. gxh6 Ne7) 49. gxh6 {Threatening mate with h7.} Kf8 50. hxg6 fxg6 51. b4 {[%cal Bb3b4,Bb4b5][%mdl 32]} Kg8 52. b5 Nd8 (52... Ne7 53. Bb4 Nc8) 53. Bd4 a6 54. a4 {[%cal Ba2a4,Ba4b5,Bb5c6,Bc6c7][%mdl 32] Threatens to win with Be3.} Kh7 55. Be3 Nf7 56. c5 {White threatens c6 and mate.} axb5 57. axb5 {White mates.} Nxe5 58. Kc3 Nd7 59. Kd4 Kg8 60. c6 bxc6 61. bxc6 Nb8 62. c7 Nc6+ {Weighted Error Value: White=0.09 (flawless) /Black=0.39} 1-0

[Event "Charlotte Spring-A 2022"]
[Site "Charlotte"]
[Date "2022.03.17"]
[Round "1.3"]
[White "Mishra, Abhimanyu"]
[Black "Korley, Kassa"]
[Result "1-0"]
[WhiteElo "2505"]
[BlackElo "2399"]
[Annotator "TA"]
[PlyCount "180"]
[EventDate "2022.03.16"]
[EventType "tourn"]
[EventCountry "USA"]
[SourceTitle "playchess.com"]
[Source "ChessBase"]
[SourceQuality "1"]

{[%evp 24,180,38,42,63,56,74,83,70,79,64,77,85,83,76,73,99,100,123,119,106,97,131,125,121,125,132,117,116,116,134,68,138,138,142,141,142,95,109,95,97,8,8,8,81,75,82,79,103,103,103,103,104,103,106,0,111,113,234,234,234,234,270,234,270,270,270,270,270,262,260,253,253,253,253,234,253,252,241,241,253,253,253,253,253,253,253,253,253,253,253,253,301,253,253,253,253,253,295,253,253,253,253,253,300,253,253,253,344,253,253,253,337,254,319,253,253,253,253,253,253,253,253,253,253,253,253,253,253,253,253,234,234,234,234,234,234,220,220,220,220,220,220,220,29965,29967,29967,29966,29968,29966,29973,29974,29973,29974,29969,29970,29976,29977,29976]} 1. d4 Nf6 2. c4 e6 3. Nf3 c5 4. d5 d6 5. Nc3 exd5 6. cxd5 g6 7. Nd2 Bg7 8. e4 O-O 9. Be2 Na6 10. O-O Nc7 11. a4 b6 12. Nc4 {12.Re1 is more fashionable.} Ba6 13. Bg5 Bxc4 {A73: Modern Benoni: Classical: Unusual Black 9th moves.} 14. Bxc4 a6 {[%cal Ob6b5] [#]} 15. e5 $146 ({Predecessor:} 15. Qe2 Re8 16. f3 h6 17. Bd2 Nd7 18. Rab1 Qf6 19. Kh1 Reb8 20. b4 Qd4 21. Nd1 {½-½ (69) Schmidt,W (2386)-Szoen,D (2447) Lublin 2009}) 15... dxe5 {White is better.} 16. d6 $1 Nce8 17. d7 {White is much more active.} Qxd7 18. Qxd7 Nxd7 19. Be7 {This bishop pair is nice.} Bf6 20. Bxf8 Nxf8 21. Rad1 $36 {[%mdl 2048] To avoid Nd6. White is really pushing.} Kg7 22. Nd5 {To avoid Nc7} b5 23. axb5 axb5 24. Bxb5 Ne6 25. Rfe1 Rb8 26. Bc6 h5 27. Rd3 (27. Kf1 $16) 27... Nd4 (27... e4 $1 $14 28. Rxe4 Bxb2) 28. Bxe8 $16 Rxe8 29. Rc3 Ne6 30. Rf3 ({White should play} 30. Kf1) 30... Bg5 31. Rxe5 Rb8 {To avoid Rb3} 32. b3 (32. g3 $16) 32... c4 $1 $11 {[%cal Oe6d4]} 33. h4 cxb3 34. hxg5 $16 b2 35. Nc3 {[#] aiming for Nb1.} b1=Q+ 36. Nxb1 Rxb1+ {[%mdl 4096] Endgame KRR-KRN} 37. Kh2 {Ra3 is the strong threat.} Rb4 38. Rg3 Rb2 39. Rf3 Rb4 40. Ra3 Rb2 {Black cannot hold the game after this.} (40... Rh4+ $16 {keeps fighting.} 41. Kg1 Rg4) 41. Ra7 $18 {Hoping for Rxe6.} Kg8 42. f3 {[%cal Bf2f3,Bf3f4][%mdl 32]} Rc2 43. Kg3 Rb2 44. Ra4 Kg7 45. Rc4 Ra2 46. f4 Ra3+ 47. Kf2 Ra2+ 48. Kf3 Ra1 49. g3 Ra3+ 50. Re3 Ra7 51. Rd3 Ra8 52. Rd7 Ra3+ 53. Kg2 {Black must now prevent Rc6.} Ra2+ 54. Kh3 {Strongly threatening Rc6.} Ra3 55. Rb4 Rc3 56. Kg2 Rc2+ 57. Kf1 {Threatens to win with Rbb7.} Rc5 58. Rdb7 Rc1+ 59. Kg2 Rc2+ 60. Kh3 Rc3 61. Re7 Re3 {[%cal Oe6g5]} 62. Ra7 Rd3 63. Re4 {Intending Rxe6 and mate.} Kg8 64. Kg2 Rd2+ 65. Kf1 Rd3 66. Kf2 Rd2+ 67. Ke3 Rg2 68. Kf3 Rd2 69. Rb4 Rd8 {Prevents Rb8.} 70. Rbb7 Nd4+ 71. Kf2 Rf8 72. Ra4 Ne6 73. Rba7 Kg7 74. Re7 Kg8 75. Ke3 Ng7 {And now ...Nf5+ would win.} 76. Kf3 Nf5 77. Rea7 Re8 78. Ra8 Rxa8 79. Rxa8+ {KR-KN} Kg7 80. Ra5 Nd6 81. Rd5 Nf5 82. Rd3 Kf8 83. Ke4 Ke8 $2 {[#]} (83... Kg7 $18 84. Kf3 Kf8) 84. Ke5 $1 {White mates.} Ke7 85. Ra3 Ng7 86. Ra8 Ne8 87. Ra7+ Kf8 88. Rd7 Ng7 89. f5 gxf5 90. g6 fxg6 {Weighted Error Value: White=0.12 (very precise) /Black=0.15 (very precise)} 1-0

[Event "Charlotte Spring-A 2022"]
[Site "Charlotte"]
[Date "2022.03.17"]
[Round "1.4"]
[White "Panjwani, Raja"]
[Black "Liang, Jason"]
[Result "0-1"]
[WhiteElo "2436"]
[BlackElo "2419"]
[Annotator "TA"]
[PlyCount "72"]
[EventDate "2022.03.16"]
[EventType "tourn"]
[EventCountry "USA"]
[SourceTitle "playchess.com"]
[Source "ChessBase"]
[SourceQuality "1"]

{[%evp 9,72,29,29,18,29,25,21,25,15,21,24,16,21,0,0,-5,-12,-12,0,-13,-6,-4,14,-9,0,0,0,0,0,0,0,-20,-24,-80,-49,-52,-58,-40,-37,-94,-95,-112,-103,-139,-132,-281,-283,-418,-420,-975,-594,-1199,-953,-29997,466,-983,-955,-1813,-1520,-29968,-29967,-5402,-5018,-29988,-4910]} 1. d4 d5 2. c4 e6 3. Nf3 a6 4. Bg5 Be7 5. Bxe7 Qxe7 6. Nbd2 {D30: Queen's Gambit Declined: Systems without Nc3.} Nf6 7. g3 b6 8. Bg2 {The position is equal.} Bb7 9. O-O O-O {[#]} 10. Ne5 $146 ({Predecessor:} 10. cxd5 Bxd5 11. Qc2 h6 12. Rac1 Rc8 13. e4 Bb7 14. e5 Nd5 15. Nc4 Nd7 16. Rfd1 {1-0 (44) Lysyj,I (2635)-Moroni,L (2564) Skopje 2019}) 10... c5 11. Qb3 dxc4 12. Ndxc4 {Black must now prevent Bxb7.} Bxg2 13. Kxg2 b5 14. Qf3 Ra7 15. Na5 $132 {[%mdl 2048] Hoping for Nac6. White is not keeping still} Qd6 16. Rfd1 {Threatens to win with Nb7.} cxd4 17. Nec6 Nxc6 18. Nxc6 Rc7 19. Nxd4 Qb6 20. Qb3 Rc4 21. e3 (21. Qe3 $11) 21... Qb7+ 22. f3 Rfc8 23. Rd2 $1 g5 {[%cal Bg7g5,Bg5g4][%mdl 32]} 24. h3 {[#]} (24. Re1 $15) 24... h5 $1 $17 25. Qd1 g4 26. Nb3 Nd5 {Black is more active.} 27. Kh2 (27. Qe2 $17 gxf3+ 28. Qxf3 Nxe3+ 29. Kf2 Qxf3+ 30. Kxf3) 27... Nxe3 $19 28. Qg1 (28. Qe2 $142 Qxf3 29. Qxf3 gxf3 30. Re1) 28... Qxf3 29. Rb1 (29. Re1 $142 Nf5 30. Qg2) 29... Nf5 {Strongly threatening ...h4.} 30. Re1 Rc2 {( -> ...Rxd2+)} 31. Rf2 Qe3 $4 {[%mdl 8192] [#]} 32. Nd2 $1 {[%mdl 8704]} Qd3 33. Qg2 h4 {[%cal Rh4g3]} 34. gxh4 g3+ 35. Kh1 Nxh4 36. Qg1 Rxd2 {Weighted Error Value: White=1.32/Black=0.41} (36... Kf8 $142 37. Ref1 gxf2 38. Qxf2 Nf5 39. Rd1 Ne3 40. Qf6 Rxd2 41. Rxd2 Qxd2 42. Qh8+ Ke7 43. Qh4+ Kd7 44. Qd4+ Qxd4 45. Kg1 Qxb2 46. h4 Qg2#) 0-1

[Event "Charlotte Spring-A 2022"]
[Site "Charlotte"]
[Date "2022.03.17"]
[Round "1.5"]
[White "Ostrovskiy, Aleksandr"]
[Black "Guo, Arthur"]
[Result "0-1"]
[WhiteElo "2409"]
[BlackElo "2412"]
[Annotator "TA"]
[PlyCount "56"]
[EventDate "2022.03.16"]
[EventType "tourn"]
[EventCountry "USA"]
[SourceTitle "playchess.com"]
[Source "ChessBase"]
[SourceQuality "1"]

{[%evp 17,56,0,0,0,14,17,22,22,3,16,12,13,8,0,0,0,0,0,12,-5,-10,-72,-77,-77,0,-69,-65,-65,-69,-64,-56,-120,-131,-352,-352,-530,-533,-1195,-1170,-2187,-1965]} 1. e4 e5 2. Nf3 Nc6 3. Bc4 Bc5 4. O-O Nf6 5. d4 Bxd4 6. Nxd4 Nxd4 7. Bg5 d6 8. f4 Be6 9. fxe5 dxe5 (9... Bxc4 $2 10. Qxd4 Bxf1 11. exf6 $18) 10. Na3 {C50: Hungarian Defence and Giuoco Pianissimo.} Qe7 11. Bxf6 gxf6 12. c3 {The position is equal.} Bxc4 {12...Nc6 is the fancy move.} 13. Nxc4 Ne6 14. b4 {[%mdl 1024] Prevents Qc5+. White has compensation.} Nf4 15. g3 Qe6 16. Ne3 {[#]} Nh3+ $146 ({Predecessor:} 16... Qb6 17. Qf3 Ne6 18. Kg2 O-O-O 19. Nd5 Qa6 20. Rae1 Rd6 21. Qe2 Qxe2+ 22. Rxe2 c6 23. Nxf6 {½-½ (30) Namitbir,S (1616)-Sanket,C (1820) Jalandhar 2017}) 17. Kh1 {Black must now prevent Nd5.} Ng5 18. Qd3 Rd8 {[%cal Ba8d8,Bd8d3,Bd3d2][%mdl 32]} 19. Qb5+ (19. Nd5 $11 {remains equal.}) 19... c6 $17 20. Qxb7 Nxe4 ({Better is} 20... O-O $17 21. Nf5 Nxe4 22. Qxa7 c5) 21. Nf5 (21. b5 $11) 21... O-O $1 $15 22. Qxa7 Nd2 (22... Nxc3 23. Qe3 Qc4 24. Qf3 $11 (24. Qh6 $2 Qe4+ 25. Kg1 Ne2+ 26. Kf2 Qxf5+ $19)) 23. Rf2 Rd3 $36 {[%mdl 2048] Prevents Qe3. Black is more active.} 24. Qe7 (24. Nh6+ $15 Kh8 25. Qc5) 24... Re8 $1 $17 ({Resist} 24... Rxc3 25. Nh6+ Kg7 26. Rxd2 $1 $18 (26. Nf5+ Kg8 $16)) 25. Qa7 {[#] Loses the game.} (25. Qxe6 $17 {might work better.} fxe6 26. Nh4) 25... Ne4 $1 $19 ({Worse is} 25... Rxc3 26. Nh6+ Kg7 27. Rxd2 $15) 26. Rff1 (26. Kg1 $142) 26... Qd5 {( -> ...Nf2+). Black is clearly winning.} 27. Kg1 {[#] To avoid Nf2} Ng5 $1 {[%cal Rg5h3]} 28. h4 {[#]} Rd2 $1 {Weighted Error Value: White=0.89/Black=0.04 (flawless)} 0-1

[Event "Charlotte Spring-A 2022"]
[Site "Charlotte"]
[Date "2022.03.17"]
[Round "2.1"]
[White "Dragun, Kamil"]
[Black "Guo, Arthur"]
[Result "1-0"]
[WhiteElo "2590"]
[BlackElo "2412"]
[Annotator "TA"]
[PlyCount "99"]
[EventDate "2022.03.16"]
[EventType "tourn"]
[EventCountry "USA"]
[SourceTitle "playchess.com"]
[Source "ChessBase"]
[SourceQuality "1"]

{[%evp 13,99,0,0,0,23,9,19,15,16,16,9,17,10,6,27,0,15,0,0,-29,-36,-43,30,5,8,4,111,105,104,106,106,105,100,47,92,78,87,31,143,143,169,123,122,31,31,31,31,31,102,116,123,124,118,85,118,118,383,383,1097,1097,1083,1083,1075,912,1083,1075,912,409,647,409,5591,5345,7962,7962,29957,29961,588,29964,29963,29964,29964,29966,29966,29964,29974,29974,29971,29970]} 1. d4 Nf6 2. c4 e6 3. Nf3 d5 4. Nc3 Bb4 5. e3 O-O 6. Bd2 b6 7. cxd5 exd5 8. Rc1 {E51: Nimzo-Indian: Rubinstein: 4...0-0 5 Nf3 d5.} a6 9. Bd3 Bb7 10. O-O {The position is equal.} Nbd7 11. Ne5 Nxe5 12. dxe5 Nd7 13. f4 (13. Qh5 g6 14. Qh3 Nxe5 $17) 13... Nc5 14. Bb1 {Black should prevent a3.} d4 $1 15. Ne2 {[%csl LRb4,LRd4]} (15. Qh5 $2 g6 16. Qe2 dxc3 $19) 15... Qd5 $1 {[%csl Gb7][%cal Rd5g2]} 16. Rf3 (16. e4 Nxe4 $1 17. Bxe4 (17. Bxb4 $2 Nc3 $19) 17... Qxe4 $17) (16. Rf2 {seems wilder.} dxe3 17. Bxe3 Qxd1+ 18. Rxd1 Rfd8 19. Rff1) 16... Bxd2 17. Qxd2 dxe3 {[#]} (17... d3 $15 18. Nc3 Qd7) 18. Qxd5 $146 (18. Qxe3 {is interesting.} a5 19. Nc3 Qd7 20. Rf2 Rad8 21. a3) ({Predecessor:} 18. Qxe3 Rad8 19. b4 Ne6 20. Rg3 Qd2 21. Kf2 Qxe3+ 22. Kxe3 Rfe8 23. f5 Nf8 24. Kf4 {1-0 (33) Pratyusha,B (2265)-Du,Y (2015) Shaoxing 2019}) 18... Bxd5 19. Rxe3 f5 (19... a5 $1 $11) 20. Nd4 $16 g6 21. b4 Ne6 22. Nxe6 Bxe6 23. Rxc7 (23. Rc6 $16 Rad8 24. Kf2 (24. Rxe6 Rd1+ 25. Kf2 Rxb1 $14)) 23... Rfd8 (23... Rfc8 $14 {is more appropriate.} 24. Re7 Rc1+ 25. Kf2 Rxb1 26. Rxe6 Rxb4) 24. Bd3 Bxa2 25. e6 (25. Be2 $16) 25... b5 (25... Bxe6 26. Rxe6 Rxd3 27. Rxb6 $16) (25... Rdc8 $14 26. Rb7 (26. Rxc8+ Rxc8 27. Bxa6 Re8 $11) 26... b5) 26. e7 {White is much more active.} Re8 {[%cal Oa2c4]} 27. g4 (27. Be2 $18) 27... Bc4 28. gxf5 ({Better is} 28. Bb1 $16 a5 29. gxf5 axb4 30. Be4 (30. fxg6 Ra1 $14) 30... Ra1+ 31. Kf2) 28... Bxd3 $14 29. Rxd3 $16 {[%mdl 4096] Endgame Hoping for f6. KRR-KRR} Kf7 30. Rd8 {Strongly threatening Rxa8.} Kf6 (30... a5 $14) 31. fxg6 hxg6 {[#]} 32. Rxa8 Rxa8 {[#] KR-KR} 33. Ra7 $3 {[%mdl 512]} Re8 34. Rxa6+ Kxe7 $2 {[%mdl 8192] This costs Black the game.} (34... Kf7 $16 {was worth a try.}) 35. Rxg6 $18 Rc8 $2 (35... Kd7 36. h4 Re4) 36. Rg5 Rc4 37. Rxb5 Rxf4 38. Kg2 Kd6 39. Kg3 Rd4 40. h4 {[%cal Bh2h4,Bh4h5,Bh5h6][%mdl 32]} Kc6 (40... Ke6 $142 41. Rb6+ Kf5) 41. Rb8 {h5 is the strong threat.} Kc7 (41... Rd3+ $142 42. Kf2 Kc7) 42. Rf8 Rxb4 43. h5 {Intending h6 and mate.} Rb1 44. h6 ({Not} 44. Rf7+ Kd6 45. Kh4 (45. h6 Rh1 $11) 45... Ke6 $18) 44... Rh1 {[#]} 45. Rh8 $1 Rg1+ {White mates.} 46. Kf4 Rf1+ 47. Kg5 Rg1+ 48. Kf6 Kb7 49. Rh7+ ({Worse is} 49. h7 Rh1 $11) 49... Kc6 50. Rg7 {Weighted Error Value: White=0.14 (very precise) /Black=0.41} 1-0

[Event "Charlotte Spring-A 2022"]
[Site "Charlotte"]
[Date "2022.03.17"]
[Round "2.2"]
[White "Liang, Jason"]
[Black "Ostrovskiy, Aleksandr"]
[Result "1/2-1/2"]
[WhiteElo "2419"]
[BlackElo "2409"]
[Annotator "TA"]
[PlyCount "131"]
[EventDate "2022.03.16"]
[EventType "tourn"]
[EventCountry "USA"]
[SourceTitle "playchess.com"]
[Source "ChessBase"]
[SourceQuality "1"]

{[%evp 10,131,20,21,28,18,17,-25,-23,-26,-29,-29,-29,-22,-26,-22,-14,-20,-21,-202,-170,-186,-199,-200,0,0,0,0,0,-12,-9,-8,-8,-8,-12,-10,0,0,5,4,4,0,0,0,0,0,0,0,0,0,43,8,3,3,25,25,29,0,0,0,55,44,70,64,74,72,104,126,131,122,164,151,129,0,0,0,0,0,0,0,0,0,0,0,0,0,0,0,0,0,1752,1592,5065,6635,6635,6635,6635,6635,2136,2058,1477,743,473,248,314,307,294,294,285,0,372,0,0,0,0,0,0,0,0,0,0,0,0,0]} 1. e4 e6 2. d4 d5 3. e5 c5 4. c3 Qb6 5. Nf3 Bd7 6. Bd3 cxd4 {C02: French: Advance Variation.} 7. Nxd4 Nc6 8. Nf3 (8. Nxc6 $142 bxc6 9. Nd2) 8... f6 $11 {Black has an edge.} 9. Qe2 fxe5 10. Nxe5 Nxe5 11. Qxe5 Nf6 {[%cal Ob6f2] Prevents Qh5+.} 12. O-O Bd6 13. Qe2 O-O 14. c4 $2 (14. Be3 $11 Qc7 15. h3) 14... e5 $19 {[%cal Be6e5,Be5e4][%mdl 32] [#]} 15. Nc3 $146 ({Predecessor:} 15. cxd5 e4 16. Bxe4 Rae8 17. Nc3 Nxe4 18. Nxe4 Qd4 19. Qe3 Rxe4 20. Qxd4 Rxd4 21. Be3 Ra4 {0-1 (21) Rindlisbacher,L (2334)-Del Rio de Angelis,S (2491) Oslo 2012}) 15... e4 $1 16. Bc2 Qc7 $2 (16... Bg4 17. Qe1 $11) (16... e3 $19 {aiming for ...exf2+.} 17. Bxe3 d4) 17. h3 $1 $11 Qxc4 18. Qxc4 dxc4 19. Bg5 Be5 20. Bxf6 Rxf6 21. Bxe4 Bc6 22. Rae1 {And now Bxc6 would win.} Bxc3 23. bxc3 Kf7 24. Bxc6 Rxc6 {[%mdl 4096] Endgame KRR-KRR} 25. Re4 Rd8 26. Rfe1 Rd7 27. a4 a6 28. Rb1 b6 29. Rb4 Rdc7 (29... Rd1+ $11 30. Kh2 Rd2) 30. Kh2 a5 31. Rb5 g6 {Prevents Rf5+.} 32. Rd5 Re6 33. Rf4+ Kg7 34. Rfd4 h5 (34... Kf7 $11) 35. Kg3 Kf6 36. Rf4+ Ke7 37. Kh4 {White is more active.} Re2 38. Kg5 Rc6 39. h4 Ra2 (39... Rc2 $16 {keeps fighting.}) 40. Re5+ $18 Kd6 41. Ree4 (41. Re1 $1 $16) 41... Rxa4 $11 42. Kxg6 {Strongly threatening Rf6+.} b5 43. Kxh5 {Hoping for g4.} Ra3 44. g4 Rxc3 45. g5 Rc1 46. g6 {Black must now prevent Rf6+.} Rg1 47. Rf6+ Kd5 48. Rxc6 (48. Rg4 Rxg4 49. Rxc6 Rg1 $19) 48... Kxe4 {KR-KR} (48... Kxc6 $2 49. Rg4 Re1 50. f4 $18) 49. Rc5 Kd4 $2 {[%mdl 8192] [#]} (49... a4 $11) 50. Rg5 $1 $18 Rxg5+ 51. hxg5 {K3P-K3P} c3 52. g7 c2 53. g8=Q {White wants to mate with Qh8+.} c1=Q {KQ-KQ} 54. Qd8+ Ke5 55. Qb8+ Ke6 56. Qb6+ (56. Qe8+ $142 Kd6 57. f4 (57. Qxb5 Qh1+ 58. Kg6 Qe4+ 59. Kh6 Qh1+ 60. Kg7 Qa1+ 61. Kh7 Qh1+ 62. Kg7 Qa1+ 63. Kh7 Qh1+ 64. Kg7 $16) 57... Qh1+ 58. Kg6) 56... Ke7 57. Qf6+ (57. Qxb5 Qf4 $16) (57. Qxa5 Qh1+ 58. Kg6 Qe4+ 59. Kh5 Qh1+ 60. Kg6 Qe4+ 61. Kh5 Qf3+ 62. Kh4 Qf4+ 63. Kh5 Qf3+ 64. Kh6 Qf8+ 65. Kh7 Qf7+ 66. Kh6 Qf8+ 67. Kh5 Qf3+ $11) 57... Ke8 58. Qe5+ Kf8 {[#]} 59. Qf5+ $2 ({Inferior is} 59. Qxb5 Qh1+ 60. Kg4 Qg2+ 61. Kh5 Qh1+ 62. Kg4 Qg2+ 63. Kf5 (63. Kh5 Qh1+ $11) 63... Qf3+ 64. Ke5 Qxf2 $11) (59. Qb8+ $1 $18 Ke7 60. Qa7+ (60. Qxb5 Qf4 $14) 60... Ke6 61. Qb6+ (61. Qxa5 Qh1+ 62. Kg4 Qg2+ 63. Kh4 Qh2+ 64. Kg4 Qg2+ 65. Kh5 Qh1+ 66. Kg6 Qe4+ 67. Kh6 Qh4+ 68. Kg6 Qe4+ 69. Kh6 Qh4+ 70. Kg6 Qe4+ $11) 61... Ke7 62. Qb7+ (62. Qxb5 Qf4 $16) (62. Qxa5 Qh1+ 63. Kg4 Qg2+ 64. Kf5 Qf3+ 65. Kg6 Qe4+ 66. Kh5 Qh1+ 67. Kg4 Qg2+ 68. Kh4 Qh2+ 69. Kg4 Qg2+ $11) 62... Ke6 63. Qa6+ (63. Qxb5 Qh1+ 64. Kg4 Qg2+ 65. Kf4 Qxf2+ 66. Kg4 Qd4+ 67. Kh5 Qh8+ 68. Kg6 Qg8+ 69. Kh6 Qh8+ 70. Kg6 Qg8+ 71. Kh6 Qh8+ 72. Kg6 $11) 63... Ke7 64. Qf6+ (64. Qxa5 Qh1+ 65. Kg6 Qe4+ 66. Kg7 Qd4+ 67. Kh7 Qh4+ 68. Kg6 Qe4+ 69. Kh5 Qh1+ 70. Kg6 Qe4+ $11) (64. Qxb5 Qf4 $16) 64... Ke8 65. Qh8+ Kd7 66. Qg7+ (66. Qd4+ Ke8 $18) 66... Ke8 67. Qh8+ (67. Qe5+ Kf8 $16) 67... Ke7 68. Qg7+ Ke8 69. Qh8+ (69. Qe5+ Kf8 $18)) 59... Ke7 $2 {[%mdl 8192]} (59... Kg7 $1 $11 {and Black is okay.}) 60. Kg6 $2 (60. g6 $18 {Threatens to win with Qe5+.} Qh1+ 61. Kg5 Qg1+ 62. Kh6 Qh1+ 63. Kg7) 60... b4 $11 {The position is equal.} 61. Qe5+ Kd7 62. Kf7 Qc4+ 63. Kf8 Qc8+ 64. Kf7 {White threatens Qe6+ and mate.} Qc4+ 65. Kf8 Qc8+ 66. Kf7 {Both players deserved the win here.  Weighted Error Value: White=0.28 (precise) /Black=0.22 (precise)} 1/2-1/2